NBA 2K23 Top 10 Power Forwards - Statistics

General Stats
  • This quiz has been taken 407 times
  • The average score is 4 of 10
Answer Stats
Rating Player % Correct
97 Giannis Antetokounmpo
99%
96 Kevin Durant
71%
93 Jayson Tatum
52%
83 Draymond Green
43%
87 Zion Williamson
36%
83 Jaren Jackson Jr.
35%
86 Pascal Siakam
35%
84 Evan Mobley
34%
83 John Collins
20%
84 Scottie Barnes
15%
No matching quizzes found
Score Distribution
Percent of People with Each Score
Percentile by Number Answered
Your Score History
You have not taken this quiz